Science Quiz

Random Science or Anatomy Quiz
Score 0/10 Timer 01:00
6 Plays Today
% Correct
Digestion
94.3%
Urination
94.1%
Reproduction
93.6%
Respiration
92.8%
Perspiration
89.6%
Defecation
87.7%
Blood Oxidation
85.1%
Sensory Processing
83.3%
Cellular Respiration
80.9%
Cognition
77.7%
Come Together.
Have Fun.
All Virtual.
We all need to come together. Play Sporcle's virtual live trivia to have fun, connect with people, and get your trivia on. Join a live hosted trivia game for your favorite pub trivia experience done virtually. If a virtual private party is more your thing, go here for details.

You're not logged in!

Compare scores with friends on all Sporcle quizzes.
OR
Log In

Sporcle TV

Today on Sporcle TV


Watch our educational content, quiz creation guides, and fun videos on Sporcle TV.

Show Comments

Extras

Top Quizzes Today


Score Distribution

Paid Content

Your Account Isn't Verified!

In order to create a playlist on Sporcle, you need to verify the email address you used during registration. Go to your Sporcle Settings to finish the process.

Report this User

Report this user for behavior that violates our Community Guidelines.

Details: